| Tag |
First Indicator |
Second Indicator |
Subfields |
| LEADER |
00000cem a2200000Ia 4500 |
| 001 |
in00002449621 |
| 005 |
20151111041552.0 |
| 007 |
aj canzn |
| 008 |
780201s1977 vaub a f 0 eng d |
| 034 |
1 |
|
|a a
|b 250000
|d W0100000
|e W0090000
|f N0070000
|g N0060000
|
| 035 |
|
|
|a (OCoLC)ocm03594342
|
| 035 |
|
|
|a (OCoLC)3594342
|
| 040 |
|
|
|a GIS
|c GIS
|d OCL
|d NMT
|d OCL
|d UPM
|d TXA
|d UtOrBLW
|
| 043 |
|
|
|a f-lb---
|
| 049 |
|
|
|a TXAM
|
| 050 |
1 |
4 |
|a G3701.C5 svar
|b .U52 I-776-D
|
| 052 |
|
|
|a 8881
|
| 074 |
|
|
|a 0619-G-08
|
| 086 |
0 |
|
|a I 19.91:I-776-D
|
| 100 |
1 |
|
|a Force, Eric R.
|
| 245 |
1 |
0 |
|a Geologic map of the Gbanka quadrangle, Liberia /
|c by E.R. Force and J.D.N. Dunbar.
|
| 246 |
3 |
0 |
|a Gbanka quadrangle, Liberia
|
| 255 |
|
|
|a Scale 1:250,000
|c (W 10⁰00ʹ00ʺ--W 9⁰00ʹ00ʺ/N 7⁰00ʹ00ʺ--N 6⁰00ʹ00ʺ)
|
| 264 |
|
1 |
|a Reston, Va. :
|b U.S. Geological Survey,
|c 1977.
|
| 300 |
|
|
|a 1 map :
|b color ;
|c 44 x 44 cm., on sheet 74 x 106 cm., folded in envelope 30 x 24 cm.
|
| 336 |
|
|
|a cartographic image
|b cri
|2 rdacontent
|
| 337 |
|
|
|a unmediated
|b n
|2 rdamedia
|
| 338 |
|
|
|a sheet
|b nb
|2 rdacarrier
|
| 490 |
1 |
|
|a [Miscellaneous geologic investigations] ;
|v map I-776-D
|
| 490 |
1 |
|
|a Folio of the Gbanka quadrangle, Liberia
|
| 500 |
|
|
|a "Hotines rectified skew orthomorphic projection and rectified coordinates."
|
| 500 |
|
|
|a "Prepared by the U.S. Geological Survey and the Liberian Geological Survey under the joint sponsorship of the Government of Liberia and the Agency for International Development, U.S. Department of State."
|
| 504 |
|
|
|a Includes bibliography.
|
| 500 |
|
|
|a Cartographic material.
|
| 650 |
|
0 |
|a Geology
|z Liberia
|v Maps.
|
| 700 |
1 |
|
|a Dunbar, J. D. F.
|
| 710 |
2 |
|
|a Geological Survey (U.S.)
|
| 710 |
2 |
|
|a Liberian Geological Survey.
|
| 810 |
2 |
|
|a Geological Survey (U.S.).
|t Folio of the Gbanka quadrangle, Liberia.
|
| 830 |
|
0 |
|a Miscellaneous geologic investigations ;
|v map I-776-D.
|
| 994 |
|
|
|a C0
|b TXA
|
| 948 |
|
|
|a cataloged
|b h
|c 2009/07/06
|e mansari
|f 11:28:47 am
|
| 999 |
|
|
|a MARS
|
| 999 |
f |
f |
|s ad614463-510c-3931-8750-4503b6f9d1c5
|i ae202e78-eafb-3102-be1c-13ffe40b60b7
|t 0
|
| 952 |
f |
f |
|p normal
|a Texas A&M University
|b College Station
|c Sterling C. Evans Library
|d Evans: Maps File (2nd floor)
|t 0
|e I 19.91:I-776-D
|h Superintendent of Documents classification
|i unmediated -- sheet
|m A14816710929
|
| 998 |
f |
f |
|a I 19.91:I-776-D
|t 0
|l Evans: Maps File (2nd floor)
|